[Event "27th ECC Women 2023"]
[Site "Durres ALB"]
[Date "2023.10.07"]
[Round "7.6"]
[Board "2"]
[White "Grapsa, Georgia"]
[Black "Muzychuk, Anna"]
[Result "0-1"]
[WhiteTitle "WFM"]
[BlackTitle "GM"]
[WhiteElo "1920"]
[BlackElo "2510"]
[WhiteTeam "Galaxias Sports Club"]
[BlackTeam "Monte Carlo"]
[WhiteFideId "4206436"]
[BlackFideId "14111330"]
[EventDate "2023.10.01"]

1. d4 d6 2. Nf3 f5 3. c4 Nf6 4. g3 g6 5. Bg2 Bg7 6. O-O O-O 7. Nc3 c6 8. d5 e5
9. dxe6 Bxe6 10. Bf4 Bxc4 11. Bxd6 Re8 12. Bf4 Qxd1 13. Rfxd1 Na6 14. Rd2 Rad8
15. Rad1 Rxd2 16. Rxd2 Ne4 17. Nxe4 fxe4 18. Ng5 Bd5 19. Be3 h6 20. Nh3 g5 21.
Bxa7 Bxa2 22. Rd7 b5 23. Bd4 Bxd4 24. Rxd4 Bd5 25. b4 Nc7 26. f4 exf3 27. Bxf3
Bxf3 28. exf3 Nd5 29. Nf2 Re1+ 30. Kg2 Rb1 31. Nd3 Rd1 32. h4 gxh4 33. Kh2 hxg3+
34. Kxg3 Kh7 35. Kg4 Nxb4 36. Rxb4 Rxd3 37. f4 Kg6 38. Re4 h5+ 39. Kh4 Kf5 40.
Re5+ Kxf4 41. Rc5 Rd6 0-1

[Event "27th ECC Women 2023"]
[Site "Durres ALB"]
[Date "2023.10.07"]
[Round "7.6"]
[Board "3"]
[White "Khademalsharieh, Sarasadat"]
[Black "Androni, Konstantina"]
[Result "1-0"]
[WhiteTitle "IM"]
[WhiteElo "2476"]
[BlackElo "1917"]
[WhiteTeam "Monte Carlo"]
[BlackTeam "Galaxias Sports Club"]
[WhiteFideId "12512214"]
[BlackFideId "4215362"]
[EventDate "2023.10.01"]

1. d4 d5 2. c4 e6 3. Nc3 Nf6 4. cxd5 Nxd5 5. e4 Nxc3 6. bxc3 c5 7. Rb1 Be7 8.
Nf3 O-O 9. Bc4 Qc7 10. d5 exd5 11. Bxd5 Nc6 12. h3 Bf6 13. c4 b6 14. O-O Bb7 15.
Be3 Rad8 16. Qd2 Ne5 17. Nxe5 Bxe5 18. f4 Bf6 19. e5 Be7 20. Rbd1 Rfe8 21. Qc2
Bf8 22. Bf2 b5 23. Qe4 Rb8 24. Rb1 a6 25. Rfe1 Bc8 26. f5 bxc4 27. Rxb8 Qxb8 28.
Bxf7+ Kxf7 29. Qxc4+ Be6 30. fxe6+ Rxe6 31. Rf1 Qxe5 32. Bd4+ 1-0

[Event "27th ECC Women 2023"]
[Site "Durres ALB"]
[Date "2023.10.07"]
[Round "7.6"]
[Board "4"]
[White "Dereka, Konstantina"]
[Black "Cramling, Pia"]
[Result "0-1"]
[BlackTitle "GM"]
[WhiteElo "1696"]
[BlackElo "2446"]
[WhiteTeam "Galaxias Sports Club"]
[BlackTeam "Monte Carlo"]
[WhiteFideId "25837435"]
[BlackFideId "1700030"]
[EventDate "2023.10.01"]

1. d4 Nf6 2. c4 b6 3. Nf3 Bb7 4. g3 g6 5. Bg2 Bg7 6. O-O O-O 7. Nc3 Ne4 8. Qc2
Nxc3 9. Qxc3 c5 10. e3 Nc6 11. Rd1 Rc8 12. Qd2 Na5 13. b3 cxd4 14. Nxd4 Bxg2 15.
Kxg2 d5 16. cxd5 Qxd5+ 17. Kg1 Rfd8 18. Ba3 Nc6 19. Qe2 Bxd4 20. exd4 Nxd4 21.
Qe3 e5 22. Bb2 Rc2 23. Bxd4 exd4 24. Qd3 Qc6 25. Rd2 Rxd2 26. Qxd2 d3 27. Rc1
Qf3 28. Re1 h5 29. h4 Qc6 30. Rc1 Qd5 31. Rd1 a5 32. Rc1 Kh7 33. Rd1 Rd6 34. Qf4
Kg7 35. Qd2 Kh7 36. Qf4 Rd7 37. Qd2 Qc5 38. Rc1 Qd4 39. Rd1 a4 40. Qe3 Qxe3 41.
fxe3 axb3 42. axb3 d2 43. b4 Kg7 44. Kf2 Kf6 45. Kf3 Ke5 46. b5 Rd3 47. g4 hxg4+
48. Kxg4 Ke4 0-1

[Event "27th ECC Women 2023"]
[Site "Durres ALB"]
[Date "2023.10.07"]
[Round "7.7"]
[Board "1"]
[White "Doluhanova, Evgeniya"]
[Black "Guichard, Pauline"]
[Result "0-1"]
[WhiteTitle "WGM"]
[BlackTitle "IM"]
[WhiteElo "2230"]
[BlackElo "2358"]
[WhiteTeam "Panevezys"]
[BlackTeam "Asnieres - Le Grand Echiquier"]
[WhiteFideId "14112035"]
[BlackFideId "639370"]
[EventDate "2023.10.01"]

1. Nf3 Nf6 2. b3 g6 3. Bb2 Bg7 4. g3 d5 5. Bg2 O-O 6. O-O c6 7. d3 Nbd7 8. c4
Re8 9. cxd5 cxd5 10. Nc3 b6 11. Rc1 Ba6 12. b4 b5 13. a4 Qb6 14. axb5 Bxb5 15.
Qb3 Bc6 16. Na4 Bxa4 17. Qxa4 a5 18. b5 Rab8 19. Bc3 Qxb5 20. Qxa5 Qxa5 21. Bxa5
Rb2 22. e3 Ra8 23. Bc3 Rba2 24. Nd4 e6 25. Nc6 h5 26. e4 dxe4 27. dxe4 Ng4 28.
e5 R8a4 29. Nb4 R2a3 30. Bc6 Ra7 31. Bd4 Rc7 32. Nc2 Rb3 33. Ba4 Rd3 34. Rcd1
Ndxe5 35. Rxd3 Nxd3 36. Bxg7 Kxg7 37. h3 Ngxf2 38. Rxf2 Nxf2 39. Kxf2 Rc4 40.
Bb3 Rc3 41. Ba4 h4 42. g4 Rxh3 43. Ne3 Kf6 44. Be8 e5 45. g5+ Ke7 46. Ba4 Rg3
47. Nd5+ Ke6 48. Nf6 Rxg5 49. Ne4 Rf5+ 50. Ke3 Rf4 51. Bb3+ Ke7 52. Ng5 f5 53.
Bd5 Rg4 54. Nf3 Kf6 0-1

[Event "27th ECC Women 2023"]
[Site "Durres ALB"]
[Date "2023.10.07"]
[Round "7.7"]
[Board "2"]
[White "Gaponenko, Inna"]
[Black "Martynkova, Olena"]
[Result "1/2-1/2"]
[WhiteTitle "IM"]
[BlackTitle "WIM"]
[WhiteElo "2332"]
[BlackElo "2229"]
[WhiteTeam "Asnieres - Le Grand Echiquier"]
[BlackTeam "Panevezys"]
[WhiteFideId "14101181"]
[BlackFideId "14134039"]
[EventDate "2023.10.01"]

1. e4 c5 2. Nf3 e6 3. d4 cxd4 4. Nxd4 Nc6 5. Nc3 Qc7 6. Be3 a6 7. Qd2 Nf6 8.
O-O-O Be7 9. f3 b5 10. g4 Nxd4 11. Bxd4 Bb7 12. g5 Nh5 13. Ne2 Rc8 14. h4 O-O
15. Bh3 f5 16. gxf6 Bxf6 17. Bxf6 Rxf6 18. Bg4 Nf4 19. Nxf4 Rxf4 20. Rhg1 Rf6
21. Qg2 Rg6 22. Kb1 Kh8 23. h5 Rf6 24. Rd3 Rf7 25. Qd2 h6 26. Rd1 Bc6 27. Rd6 a5
28. Qc3 b4 29. Qc5 Rf4 30. R6d4 Ba4 31. Qxc7 Rxc7 32. b3 Bb5 33. Kb2 Rc5 34.
R1d2 Bc6 35. a3 bxa3+ 36. Kxa3 g6 37. Rh2 Kg7 38. c4 Kf6 39. b4 axb4+ 40. Kxb4
Re5 41. Kc3 gxh5 42. Bxh5 Rg5 43. Kd3 Ke5 44. Ke3 Rg1 45. Rdd2 Re1+ 46. Kd3 d5
47. exd5 exd5 48. Rde2+ Rxe2 49. Rxe2+ Kf6 50. cxd5 Bxd5 51. Rh2 Kg5 52. Ke3 Rh4
53. Rxh4 Kxh4 54. Be8 Bxf3 1/2-1/2

[Event "27th ECC Women 2023"]
[Site "Durres ALB"]
[Date "2023.10.07"]
[Round "7.7"]
[Board "3"]
[White "Zaksaite, Salomeja"]
[Black "Iglesias, Yosha"]
[Result "1/2-1/2"]
[WhiteTitle "WIM"]
[BlackTitle "FM"]
[WhiteElo "2217"]
[BlackElo "2259"]
[WhiteTeam "Panevezys"]
[BlackTeam "Asnieres - Le Grand Echiquier"]
[WhiteFideId "12801496"]
[BlackFideId "637823"]
[EventDate "2023.10.01"]

1. e4 c6 2. d4 d5 3. exd5 cxd5 4. Bd3 Nf6 5. h3 Nc6 6. c3 e5 7. dxe5 Nxe5 8. Nf3
Nxd3+ 9. Qxd3 Bd6 10. O-O O-O 11. Bg5 h6 12. Be3 Be6 13. Nbd2 Qd7 14. Rfe1 Bf5
15. Qd4 Ne4 16. Ne5 Qe6 17. Ndf3 Rae8 18. Nd3 Bxh3 19. gxh3 Qxh3 20. Nfe5 Rxe5
21. Nxe5 Re8 22. Bf4 Bc5 23. Re3 Qf5 24. Qxd5 Qxf4 25. Rxe4 Qg3+ 26. Kh1 Qh3+
27. Kg1 Qg3+ 28. Kh1 Qh3+ 29. Kg1 Qg3+ 30. Kh1 Qh3+ 1/2-1/2

[Event "27th ECC Women 2023"]
[Site "Durres ALB"]
[Date "2023.10.07"]
[Round "7.7"]
[Board "4"]
[White "Nicoara, Malina"]
[Black "Kantane, Anna"]
[Result "1/2-1/2"]
[WhiteTitle "WIM"]
[BlackTitle "WIM"]
[WhiteElo "2064"]
[BlackElo "2260"]
[WhiteTeam "Asnieres - Le Grand Echiquier"]
[BlackTeam "Panevezys"]
[WhiteFideId "604631"]
[BlackFideId "1135988"]
[EventDate "2023.10.01"]

1. d4 Nf6 2. c4 e6 3. Nc3 Bb4 4. Qc2 c5 5. dxc5 O-O 6. a3 Bxc5 7. Nf3 Nc6 8. e3
d5 9. b4 Be7 10. Bb2 b6 11. Rd1 Bb7 12. Bd3 Rc8 13. cxd5 exd5 14. Bf5 h6 15.
Bxc8 Qxc8 16. O-O Qg4 17. Nd4 Nxd4 18. Rxd4 Qh5 19. f3 Bd6 20. g4 Qg5 21. Qf2
Be5 22. h4 Qg6 23. Rfd1 Bxd4 24. Rxd4 Rc8 25. Qh2 Nd7 26. e4 Nf6 27. exd5 Bxd5
28. h5 Qg5 29. Nxd5 Nxd5 30. Qd2 Qh4 31. Rxd5 Qg3+ 32. Kh1 Qh3+ 33. Kg1 Qg3+ 34.
Kh1 Qh3+ 35. Kg1 1/2-1/2